[Event "Ostsjaellands op"]
[Site "Faxe"]
[Date "2006.03.15"]
[Round "1"]
[White "Christensen, Torben"]
[Black "Andersen, Bjarne Hjorth"]
[Result "0-1"]
[WhiteElo "1333"]
[BlackElo "1783"]
[PlyCount "102"]
[EventDate "2006.03.15"]
[EventType "swiss"]
[EventRounds "7"]
[EventCountry "DEN"]
[SourceTitle "EXT 2023"]
[Source "ChessBase"]
[SourceDate "2022.10.05"]
[SourceVersion "1"]
[SourceVersionDate "2022.10.05"]
[SourceQuality "1"]

1. d4 Nf6 2. c4 g6 3. Nf3 Bg7 4. Nc3 d5 5. cxd5 Nxd5 6. e4 Nxc3 7. bxc3 0-0 8. e5 c5 9. Bc4 cxd4 10. cxd4 Bg4 11. Bb2 Nc6 12. 0-0 Bxf3 13. gxf3 e6 14. f4 Qh4 15. Qf3 Bh6 16. Qg3 Qxf4 17. Qxf4 Bxf4 18. h4 Rfd8 19. Rad1 Rac8 20. a3 Nxd4 21. Rxd4 Rxd4 22. Bxd4 Rxc4 23. Bxa7 Bxe5 24. h5 Bb2 25. Be3 Rg4+ 26. Kh2 Rh4+ 27. Kg3 Rxh5 28. Rd1 Rd5 29. Rb1 Bxa3 30. Rxb7 h5 31. Ra7 Bc5 32. Ra8+ Kg7 33. Bc1 Be7 34. f3 g5 35. Ra2 Kg6 36. Ra8 Bf6 37. Rg8+ Kf5 38. Rf8 Be5+ 39. Kg2 f6 40. Rh8 Rd1 41. Be3 h4 42. Re8 Rd3 43. Bc1 Rc3 44. Bxg5 fxg5 45. Rf8+ Bf6 46. Kf2 Rc2+ 47. Kg1 h3 48. Kh1 Kg6 49. Re8 Be5 50. Rxe6+ Kf5 51. Rh6 Rc1# 0-1